Digital broadcasting journalism / (Record no. 63699)

MARC details
000 -LEADER
fixed length control field 00426nam a22001457a 4500
005 - DATE AND TIME OF LATEST TRANSACTION
control field 20180818132954.0
020 ## - INTERNATIONAL STANDARD BOOK NUMBER
International Standard Book Number 8172731493
Terms of availability 00.00
035 ## - SYSTEM CONTROL NUMBER
System control number B-120815, B-120823
037 ## - SOURCE OF ACQUISITION
Stock number DPL
Source of stock number/acquisition ENG
100 ## - MAIN ENTRY--PERSONAL NAME
Personal name Sharma, Jitendra Kumar
245 ## - TITLE STATEMENT
Title Digital broadcasting journalism /
Statement of responsibility, etc by Jitendra Kumar Sharma
260 ## - PUBLICATION, DISTRIBUTION, ETC. (IMPRINT)
Place of publication, distribution, etc Delhi
Name of publisher, distributor, etc Authorpress
Date of publication, distribution, etc 2003
300 ## - PHYSICAL DESCRIPTION
Extent v, 311p.
Dimensions 20 cms.
942 ## - ADDED ENTRY ELEMENTS (KOHA)
Source of classification or shelving scheme Dewey Decimal Classification
Item type English Books
Classification part 070.19
Call number suffix SHA
Holdings
Withdrawn status Lost status Not for loan Collection code Home library Current library Date acquired Cost, normal purchase price Full call number Barcode Cost, replacement price Koha item type Source of acquisition
      Non-fiction Sarojini Nagar Sarojini Nagar 02/03/2012 0.00 070.19 SHA B-120815 0.00 English Books  
      Non-fiction Shahdara Branch Shahdara Branch 18/08/2018 650.00 070.19 SHA B-120823 650.00 English Books BPPD/PUB

© Delhi Public Library
Hit Counter
free hit counter